Primates – Sudden Death - Statistics

General Stats
  • This quiz has been taken 201 times
  • The average score is 8 of 16
Answers on the Grid
Answers color-coded by a green-red scale on the quiz's grid according to % correct below.
Chimpanzees
Gorillas
Gibons
Baboons
Langurs
Marmosets
Tamarins
Tarsiers
Bushbabies
Lorises
Lemurs
Aye-ayes
Capuchins
Orangutans
Sugar Gliders
Cuscuses
Koalas
Civets
Binturongs
Sloths
Tree Shrews
Raccoons
Oyans
Linsangs
Tamanduas
Pangolins
Martins
Anoles
Antechinuses
Kusimanses
Mandrill
Geladas
 
Answer Stats
Answer % Correct
Gorillas
75%
Orangutans
73%
Baboons
72%
Chimpanzees
67%
Gibons
65%
Lemurs
62%
Capuchins
54%
Mandrill
54%
Marmosets
45%
Tamarins
45%
Aye-ayes
38%
Bushbabies
38%
Tarsiers
38%
Langurs
36%
Lorises
33%
Geladas
23%
No matching quizzes found
Score Distribution
Percent of People with Each Score
Percentile by Number Answered
Your Score History
You have not taken this quiz